[Event "World Cup"]
[Site "Khanty-Mansiysk"]
[Date "2007.11.30"]
[Round "3.1"]
[White "Shirov, Alexei"]
[Black "Onischuk, Alexander"]
[Result "1/2-1/2"]
[WhiteElo "2739"]
[BlackElo "2674"]
[PlyCount "78"]
[EventDate "2007.11.24"]
[EventType "k.o."]
[EventRounds "7"]
[EventCountry "RUS"]
[SourceTitle "CBM 122"]
[Source "ChessBase"]
[SourceDate "2008.01.30"]
[SourceVersion "1"]
[SourceVersionDate "2008.01.30"]
[SourceQuality "1"]

1. e4 e5 2. Nf3 Nc6 3. Bb5 a6 4. Ba4 Nf6 5. O-O Bc5 6. c3 b5 7. Bb3 d6 8. a4
Bg4 9. axb5 axb5 10. Rxa8 Qxa8 11. h3 Bd7 12. d4 Bb6 13. Bg5 Nxe4 14. Bd5 Nf6
15. Bxf6 gxf6 16. dxe5 dxe5 17. Bxf7+ Ke7 18. Nh4 Qa4 19. Qh5 Qf4 20. Bd5 Be8
21. Qg4 Qxg4 22. hxg4 Bd7 23. Nd2 Rd8 24. Ndf3 Na5 25. g5 Bg4 26. Be4 fxg5 27.
Nxe5 Be2 28. Re1 Rd1 29. Rxd1 Bxd1 30. Nhf3 h6 31. Kf1 Nb3 32. Bc6 b4 33. cxb4
Nd4 34. Nxd4 Bxd4 35. Nd3 Kd6 36. Be4 h5 37. f3 Bb3 38. Ke2 Bc4 39. Kd2 Bxd3
1/2-1/2

[Event "Amber-blindfold 18th"]
[Site "Nice"]
[Date "2009.03.26"]
[Round "11"]
[White "Wang, Yue"]
[Black "Anand, Viswanathan"]
[Result "1/2-1/2"]
[WhiteElo "2739"]
[BlackElo "2791"]
[PlyCount "170"]
[EventDate "2009.03.14"]
[EventType "tourn (rapid)"]
[EventRounds "11"]
[EventCountry "FRA"]
[EventCategory "21"]
[SourceTitle "CBM 129 Extra"]
[Source "ChessBase"]
[SourceDate "2009.05.05"]
[SourceVersion "2"]
[SourceVersionDate "2009.05.20"]
[SourceQuality "1"]

1. d4 d5 2. c4 c6 3. Nf3 Nf6 4. e3 Bf5 5. Nc3 e6 6. Nh4 Be4 7. f3 Bg6 8. Qb3
Qc7 9. Bd2 Be7 10. Nxg6 hxg6 11. O-O-O Nbd7 12. cxd5 exd5 13. e4 dxe4 14. fxe4
c5 15. Bc4 cxd4 16. Bxf7+ Kd8 17. Kb1 dxc3 18. Bxc3 Nxe4 19. Bxg7 Nec5 20. Qe3
Rh4 21. Rhe1 Re4 22. Qh3 Qf4 23. Qh8+ Kc7 24. Qxa8 Rxe1 25. Rxe1 Qxf7 26. Bc3
Qf5+ 27. Ka1 Bf6 28. Qxa7 Bxc3 29. bxc3 Qf2 30. Qa5+ Kc6 31. Rb1 Qxg2 32. Qb5+
Kc7 33. Qa5+ b6 34. Qa7+ Nb7 35. Rd1 Qf3 36. Rc1 Qf4 37. Rd1 Ndc5 38. Rb1 Qf6
39. Qa3 Ne4 40. Qb4 Nbc5 41. Qd4 Qf3 42. Qg7+ Nd7 43. Qd4 g5 44. Rd1 Ndc5 45.
Rc1 Qf4 46. Rd1 Qxh2 47. Qg7+ Kc6 48. Qg6+ Kb7 49. Qf7+ Qc7 50. Qxc7+ Kxc7 51.
Rg1 Nd3 52. Kb1 Ndf2 53. Kc2 g4 54. a4 g3 55. Kb3 Kc6 56. Kb4 Nd3+ 57. Kc4 Ne5+
58. Kb4 Nf3 59. Rxg3 Nxg3 60. a5 bxa5+ 61. Kxa5 Kc5 62. c4 Ne4 63. Ka4 Nd4 64.
Ka5 Nc3 65. Ka6 Ne6 66. Kb7 Na4 67. Ka6 Nb6 68. Kb7 Nd7 69. Ka6 Nd8 70. Ka5 Nb6
71. Ka6 Kc6 72. c5 Nc4 73. Ka7 Ne6 74. Kb8 Nd8 75. Ka7 Nb7 76. Kb8 Na3 77. Ka7
Nb5+ 78. Ka6 Nc3 79. Ka7 Nd5 80. Ka6 Nb4+ 81. Ka7 Kc7 82. c6 Nc5 83. Ka8 Ne4
84. Ka7 Nd6 85. Ka8 Nxc6 1/2-1/2

[Event "RUS-CHN Summit 8th Rapid"]
[Site "St Petersburg"]
[Date "2012.07.07"]
[Round "3"]
[White "Wang, Hao"]
[Black "Nepomniachtchi, Ian"]
[Result "0-1"]
[WhiteElo "2739"]
[BlackElo "2718"]
[PlyCount "85"]
[EventDate "2012.07.07"]
[EventType "team-schev"]
[EventRounds "10"]
[EventCountry "RUS"]
[SourceTitle "CBM 149 Extra"]
[Source "ChessBase"]
[SourceDate "2012.08.24"]
[SourceVersion "1"]
[SourceVersionDate "2012.08.24"]
[SourceQuality "1"]

1. e4 d5 2. exd5 Nf6 3. d4 Nxd5 4. Nf3 g6 5. Bc4 c6 6. O-O Bg7 7. h3 O-O 8. Re1
Nd7 9. Nbd2 a5 10. a4 N7b6 11. Bf1 Bf5 12. c3 Qc7 13. Ne4 Rad8 14. Bg5 Rfe8 15.
Qc1 Nc8 16. Ng3 Bd7 17. Bh6 Nd6 18. c4 Nf6 19. Bf4 Qc8 20. Qc3 Qa8 21. Rad1 b5
22. b3 bxa4 23. bxa4 c5 24. dxc5 Nd5 25. Qc1 Nxf4 26. cxd6 Ne6 27. dxe7 Rxe7
28. Qa3 Ree8 29. Ne5 Bc8 30. Rxd8 Rxd8 31. c5 Rd4 32. Bb5 Bf8 33. Be8 Rf4 34.
Nd3 Rd4 35. Ne5 Rf4 36. Qa2 Qa7 37. Ne4 Qc7 38. Qd5 Nxc5 39. Bxf7+ Kg7 40. Ng5
Qd6 41. g3 Qxd5 42. Bxd5 Rxa4 43. Rc1 0-1

[Event "FIDE World Cup 2021"]
[Site "Krasnaya Polyana RUS"]
[Date "2021.08.05"]
[Round "8.2"]
[White "Duda, J."]
[Black "Karjakin, Sergey"]
[Result "1-0"]
[WhiteElo "2738"]
[BlackElo "2757"]
[PlyCount "59"]
[EventDate "2021.07.12"]
[EventType "k.o."]
[EventRounds "8"]
[EventCountry "RUS"]
[SourceTitle "The Week in Chess 1396"]
[Source "Mark Crowther"]
[SourceDate "2021.08.13"]
[SourceVersion "2"]
[SourceVersionDate "2021.08.13"]
[SourceQuality "2"]

1. d4 Nf6 2. c4 e6 3. Nf3 d5 4. Nc3 c5 5. cxd5 cxd4 6. Qxd4 exd5 7. Bg5 Be7 8.
e3 O-O 9. Rd1 Nc6 10. Qa4 Be6 11. Bb5 Qb6 12. Bxf6 Bxf6 13. Nxd5 Bxd5 14. Rxd5
Bxb2 15. Ke2 Bf6 16. Rhd1 Rac8 17. Bc4 Qb4 18. Qb3 Qxb3 19. Bxb3 Nb8 20. g4 h6
21. h4 g6 22. g5 hxg5 23. hxg5 Be7 24. Re5 Nc6 25. Rd7 Bd8 26. Rb5 Na5 27. Bd5
Rc7 28. Bxf7+ Kg7 29. Rxc7 Bxc7 30. Bd5 1-0

[Event "FIDE World Cup 2021"]
[Site "Krasnaya Polyana RUS"]
[Date "2021.07.29"]
[Round "6.2"]
[White "Duda, J."]
[Black "Vidit, S."]
[Result "1-0"]
[WhiteElo "2738"]
[BlackElo "2726"]
[PlyCount "99"]
[EventDate "2021.07.12"]
[EventType "k.o."]
[EventRounds "8"]
[EventCountry "RUS"]
[SourceTitle "The Week in Chess 1395"]
[Source "Mark Crowther"]
[SourceDate "2021.08.02"]
[SourceVersion "1"]
[SourceVersionDate "2021.08.02"]
[SourceQuality "2"]

1. e4 e5 2. Nf3 Nc6 3. Bb5 a6 4. Ba4 Nf6 5. O-O b5 6. Bb3 Bc5 7. a4 Rb8 8. c3
d6 9. d4 Bb6 10. a5 Ba7 11. h3 Bb7 12. Be3 Nxe4 13. d5 Bxe3 14. dxc6 Nxf2 15.
Qe2 Nxh3+ 16. Kh1 Nf2+ 17. Rxf2 Bxf2 18. Qxf2 Bxc6 19. Nxe5 Bxg2+ 20. Kg1 Qf6
21. Nxf7 Qxf2+ 22. Kxf2 Rf8 23. Kxg2 Rxf7 24. Bxf7+ Kxf7 25. Nd2 Re8 26. Rf1+
Kg6 27. Kf2 h5 28. Rg1+ Kf6 29. Kf3 g6 30. Ne4+ Kg7 31. Nf2 Rf8+ 32. Kg2 Re8
33. Nd3 g5 34. Nb4 Re2+ 35. Kh1 Rxb2 36. Ra1 c5 37. Nxa6 b4 38. Nxb4 cxb4 39.
a6 bxc3 40. a7 c2 41. a8=Q Rb1+ 42. Kg2 c1=Q 43. Ra7+ Kf6 44. Qf8+ Ke5 45. Re7+
Kd5 46. Qf3+ Kc5 47. Rc7+ Kb4 48. Qb7+ Ka5 49. Qa7+ Kb5 50. Qb8+ 1-0

[Event "Sochi FIDE GP"]
[Site "Sochi"]
[Date "2008.08.03"]
[Round "4"]
[White "Svidler, Peter"]
[Black "Radjabov, Teimour"]
[Result "1-0"]
[WhiteElo "2738"]
[BlackElo "2744"]
[Annotator "Ftacnik,L"]
[PlyCount "81"]
[EventDate "2008.07.31"]
[EventType "tourn"]
[EventRounds "13"]
[EventCountry "RUS"]
[EventCategory "19"]
[SourceTitle "CBM 126"]
[Source "ChessBase"]
[SourceDate "2008.10.01"]
[SourceVersion "1"]
[SourceVersionDate "2008.10.01"]
[SourceQuality "1"]

1. e4 c5 2. Nf3 d6 3. d4 cxd4 4. Nxd4 Nf6 5. Nc3 g6 6. Be3 Bg7 7. f3 O-O 8. Qd2
Nc6 9. O-O-O d5 10. Qe1 e5 11. Nxc6 bxc6 12. exd5 Nxd5 13. Bc4 Be6 14. Ne4 Qc7
15. Bc5 Rfd8 {In this variation Black enjoys excellent play with his pieces
and a safe position on the kingside. The only concern for him is the pawn
structure on the opposite flank.} 16. g4 Nf4 17. Qc3 Rd4 $6 $146 {A new move
of somewhat dubious value. In practice, Black has preferred to benefit from
the potential of the d5-square.} (17... Bd5 18. Kb1 (18. g5 Ne6 19. Be3 Nd4 20.
Kb1 Bxc4 21. Qxc4 Nxf3 22. Rdf1 Nd4 23. h4 Qe7 24. h5 Qe6 25. Qc3 Rab8 26. Bc1
Ne2 27. Qe1 Qc4 {0-1 Panchanathan,M (2419)-Gashimov,V (2579)/Nakhchivan 2003 
(38)}) 18... Rd7 19. Bf2 h6 20. Bh4 Re8 21. a3 Bxe4 22. fxe4 Rd4 23. Bd3 Qb6
24. Rhf1 Nxd3 25. cxd3 Qb5 {1/2 Svidler,P (2660)-Alterman,B (2615)/Bad Homburg
1997 (36)}) (17... Rd5 18. Kb1 Rad8 19. Rde1 (19. Bxd5 cxd5 20. Be3 Qe7 21. Qc5
Qb7 22. Qa3 Qc6 23. Qc3 Qa8 24. Bxf4 Rc8 25. Qa5 exf4 26. Ng5 Qb8 27. c3 Bxc3
28. Qa3 {1-0 Xie Jun (2515)-Gufeld,E (2475)/Kuala Lumpur 1994 (37)}) 19... h6
20. Be3 Qe7 21. Rhg1 Kh8 22. h4 f5 23. gxf5 Bxf5 24. a3 Qxh4 25. Bxa7 R5d7 26.
Bf2 {1-0 Gdanski,J (2528)-Fedorov,A (2590)/Ohrid 2001 (57)}) 18. Bxd4 exd4 19.
Qb4 (19. Qb3 $2 Rb8 20. Bxe6 Rxb3 21. Bxb3 c5 22. Bc4 Ng2 $19) 19... d3 $2 {
Very thematic and seemingly a very logical move, but it will meet a tactical
refutation. Relatively the best seems to be 19...c5!? with counterplay.} (19...
c5 $5 20. Qa4 Nd5 21. Bxd5 (21. Qa3 Rb8 22. Rd2 Rb4) 21... Bxd5 22. Rhe1 Qxh2
23. Qd7 Be6 24. Qd6 Qxd6 25. Nxd6 Rb8 $44) (19... Nd5 20. Qd6 Qxd6 21. Nxd6 Be5
22. Ne4 Ne3 23. Bxe6 Nxd1 24. Bxf7+ Kxf7 25. Kxd1 $16) 20. Bxe6 (20. Bxd3 $2
Rb8 21. Qd6 Bxb2+ 22. Kd2 Qa5+ 23. Ke3 Be5 24. Qxc6 Rc8 $17) 20... Ne2+ (20...
Nxe6 21. c3 (21. Rxd3 Rb8 22. Qd6 Bxb2+ 23. Kd2 Qa5+ 24. c3 $14) 21... Qf4+ 22.
Nd2 $16) 21. Kb1 Rb8 22. Bxf7+ Kh8 (22... Kxf7 23. Qc4+ Kf8 24. b3 $18 dxc2+
25. Kxc2 Qe5 26. Qc5+ $18) 23. Qxb8+ $2 {Both participants were fighting
against their worries and Svidler in the end did not found the courage for the
exact move 23.Qb3! with a serious advantage.} (23. Qa3 $2 dxc2+ 24. Kxc2 Qxf7
25. b3 c5 $1 $13) (23. Qb3 $1 Rxb3 (23... dxc2+ $2 24. Qxc2 Rxb2+ 25. Qxb2 Bxb2
26. Kxb2 Qe5+ (26... Qxf7 27. Rd8+ Kg7 28. Rhd1 $18) 27. Kb1 $18) 24. Bxb3
dxc2+ 25. Bxc2 Nd4 26. Rd3 $16) 23... Qxb8 24. c3 {The necessity of playing
such a move indicates that not everything went ideally.} (24. Bb3 dxc2+ 25.
Kxc2 Nd4+ 26. Kb1 Nxb3 27. axb3 h5 $1 28. gxh5 Qxb3 29. Rd8+ Kh7 30. hxg6+ Kh6
$1 31. Rd2 Qxf3 32. Re1 a5 $13) 24... Nxc3+ 25. Nxc3 Bxc3 26. Bb3 Bf6 27. Rxd3
Qe5 28. Rd2 Qe3 {The activity of Black pieces and weakness of b2 compensate
for the danger from the white rooks.} 29. Rhd1 Qxf3 30. Rd7 (30. Rd6 Qe4+ 31.
Ka1 Qe5 32. R6d2 Qf4 $11) 30... Qe4+ 31. Bc2 Qb4 32. Bb3 Qe4+ 33. Ka1 Qg2 $6 {
Radjabov is losing the feeling for the most exact moves under time pressure;
the situation is becoming dangerous for him.} (33... Qxg4 34. Rf7 (34. a3 Qf4
35. R1d2 a5 $11) 34... Qg5 35. Bc2 (35. Re1 Bxb2+ 36. Kb1 Be5 37. Rd1 Qh4 38.
Rdd7 Qe1+ 39. Bd1 Qb4+ $11) 35... Qc5 36. Kb1 Bd4 37. Rd7 Be5 38. Rb7 Bd4 $11)
34. R1d2 Qxg4 35. a3 a5 $2 (35... c5 36. Rxa7 Qf4 37. Ra8+ Kg7 38. Rc2 Kh6 $13)
(35... Qe4 36. Ka2 a5 37. Ra7 Qe5 38. Rc2 h5 $14) 36. Rb7 $2 (36. R2d6 $1 Qg1+
37. Bd1 Qf2 38. Rb7 Qf4 39. Rxc6 $18) 36... a4 $2 {The crowning of the comedy
of errors, since after the conquest of the 7th rank by the white rooks the
black king is simply doomed.} (36... Bd4 $1 $11) 37. Rdd7 $1 Qg1+ 38. Bd1 Qxh2
39. Rdc7 Bd8 40. Rc8 Qd2 41. Bc2 (41. Bc2 c5 42. Re7 c4 43. Kb1 $18) 1-0

[Event "Istanbul ol (Men) 40th"]
[Site "Istanbul"]
[Date "2012.08.31"]
[Round "4.1"]
[White "Gelfand, Boris"]
[Black "Kazhgaleyev, Murtas"]
[Result "1/2-1/2"]
[WhiteElo "2738"]
[BlackElo "2594"]
[PlyCount "118"]
[EventDate "2012.08.28"]
[EventType "team-swiss"]
[EventRounds "11"]
[EventCountry "TUR"]
[SourceTitle "CBM 151"]
[Source "ChessBase"]
[SourceDate "2012.11.13"]
[SourceVersion "1"]
[SourceVersionDate "2012.11.13"]
[SourceQuality "1"]
[WhiteTeam "Israel"]
[BlackTeam "Kazakhstan"]
[WhiteTeamCountry "ISR"]
[BlackTeamCountry "KAZ"]

1. d4 d5 2. c4 c6 3. Nc3 Nf6 4. e3 g6 5. Nf3 Bg7 6. Be2 O-O 7. O-O b6 8. b4 Ne4
9. Bb2 Nxc3 10. Bxc3 Bb7 11. cxd5 cxd5 12. a4 a6 13. b5 Nd7 14. Qb3 a5 15. Ne5
Qc7 16. Qb2 f6 17. Nc6 Bxc6 18. bxc6 Qxc6 19. Rfc1 Qe6 20. Bb5 f5 21. Bd2 Nc5
22. Qa2 Ne4 23. Rc6 Qf7 24. Rxb6 f4 25. Bc6 fxe3 26. Bxd5 exf2+ 27. Kh1 Nxd2
28. Bxf7+ Rxf7 29. Rb2 f1=Q+ 30. Rxf1 Nxf1 31. Rf2 Raf8 32. Rxf1 Bxd4 33. Qc4
Bc3 34. g4 Bb4 35. h4 Kg7 36. Qd4+ Kg8 37. Qd5 Kg7 38. Qe5+ Kg8 39. Qe6 Kg7 40.
Qe5+ Kg8 41. Rxf7 Rxf7 42. h5 gxh5 43. Qg5+ Kf8 44. Qxh5 Kg7 45. Qe5+ Kg8 46.
g5 Rg7 47. Qd5+ Kf8 48. Qf5+ Kg8 49. Kh2 Rg6 50. Kh3 Rd6 51. Kg4 Rg6 52. Qd5+
Kg7 53. Kh5 Rd6 54. Qe5+ Kg8 55. Qe4 Rg6 56. Qa8+ Kg7 57. Qd8 Rd6 58. Qxe7+ Kg8
59. Qe8+ Kg7 1/2-1/2

[Event "EU-ch blitz"]
[Site "Wroclaw"]
[Date "2014.12.19"]
[Round "3"]
[White "Vitiugov, Nikita"]
[Black "Bodnaruk, Anastasia"]
[Result "0-1"]
[WhiteElo "2738"]
[BlackElo "2416"]
[PlyCount "154"]
[EventDate "2014.12.19"]
[EventType "swiss (blitz)"]
[EventRounds "11"]
[EventCountry "POL"]
[SourceTitle "CBM 164 Extra"]
[Source "ChessBase"]
[SourceDate "2015.03.02"]
[SourceVersion "1"]
[SourceVersionDate "2015.03.02"]
[SourceQuality "1"]

1. d4 d6 2. e4 g6 3. Nc3 Bg7 4. g3 Nf6 5. Bg2 O-O 6. Nge2 e5 7. O-O c6 8. h3
Qc7 9. Be3 b5 10. a3 a5 11. g4 Re8 12. Ng3 Ba6 13. Nce2 b4 14. Re1 Nfd7 15.
axb4 axb4 16. Qd2 exd4 17. Bxd4 Ne5 18. b3 c5 19. Be3 Nbd7 20. Rad1 Bxe2 21.
Rxe2 Bf8 22. f4 Nc6 23. e5 Re6 24. Bd5 Ree8 25. Ne4 dxe5 26. Ng5 Nd4 27. Bxd4
cxd4 28. Bxf7+ Kg7 29. Bxe8 Rxe8 30. f5 Qb6 31. Qd3 Nc5 32. Qc4 Qa7 33. Ne4 d3
34. f6+ Kh8 35. cxd3 Nxe4+ 36. Kg2 Nc3 37. Rde1 Nxe2 38. Rxe2 Qc5 39. Qf7 Qc6+
40. Kg3 Rd8 41. Kh4 Qd7 42. Qxd7 Rxd7 43. Rxe5 Rxd3 44. Re8 Kg8 45. Rb8 h6 46.
g5 Rd4+ 47. Kg3 hxg5 48. Rb7 Bd6+ 49. Kg2 Rf4 50. Rg7+ Kf8 51. Rxg6 Rf5 52. f7
Bc5 53. Kg3 Kxf7 54. Rc6 Bd4 55. Kg4 Re5 56. Rc4 Bc3 57. Rc6 Bd2 58. Rd6 Bc1
59. Rd4 Rb5 60. Rd6 Bb2 61. Rc6 Re5 62. Rc4 Bc3 63. Rc6 Rd5 64. Rb6 Rd2 65. Kf5
Rf2+ 66. Kg4 Rb2 67. Kf5 Rxb3 68. Rb7+ Ke8 69. Ke6 Kd8 70. Kd6 Kc8 71. Rc7+ Kb8
72. Kc6 Rb1 73. Rf7 Bd4 74. Rf8+ Ka7 75. Rf7+ Ka6 76. Rf8 Rc1+ 77. Kd5 Ba7 0-1

[Event "Biel GM 50th"]
[Site "Biel"]
[Date "2017.07.27"]
[Round "4"]
[White "Navara, David"]
[Black "Leko, Peter"]
[Result "1-0"]
[WhiteElo "2737"]
[BlackElo "2678"]
[Annotator "Krasenkow,M"]
[PlyCount "77"]
[EventDate "2017.07.24"]
[EventType "tourn"]
[EventRounds "9"]
[EventCountry "SUI"]
[EventCategory "16"]
[SourceTitle "CBM 180"]
[Source "ChessBase"]
[SourceDate "2017.09.13"]
[SourceVersion "1"]
[SourceVersionDate "2017.09.13"]
[SourceQuality "1"]

1. d4 Nf6 2. c4 e6 3. Nf3 d5 4. Nc3 Bb4 5. Bg5 h6 6. Bxf6 Qxf6 7. Qa4+ Nc6 8.
e3 O-O 9. Rc1 Rd8 ({The queen exchange after} 9... Qg6 10. Qc2 Qxc2 11. Rxc2
Rd8 {is probably a better choice for Black in this line.}) 10. Be2 $1 (10. a3 {
is too slow:} Bxc3+ 11. Rxc3 e5 $1 12. cxd5 exd4 13. Rc5 Bg4 (13... Qf5 $5 14.
Nxd4 Nxd4 15. Qxd4 Qb1+) 14. Nxd4 Nxd4 15. Qxd4 Qxd4 16. exd4 b6 17. Rxc7 Rxd5
18. Bc4 Re8+ 19. Kd2 Rxd4+ 20. Kc3 Rd7 $11 {1/2 (30) Ding,L (2759)-Harikrishna,
P (2758) Shenzhen 2017}) (10. cxd5 {is probably harmless, too:} exd5 11. Be2 (
11. a3 Bf8 12. Be2 Ne7 13. b4 Ng6 14. Qb3 c6 15. Na4 Bg4 16. Nc5 Rab8 17. Qd1
Bd6 $11 {1/2 (75) Rivas Pastor,M (2533)-Cornette,M (2544) Salou 2011}) (11. Bb5
a5 $5 (11... Bf8 12. Bxc6 bxc6 13. O-O a5 $5 {0-1 (24) Formanek,E (2330)-Braga,
F (2390) Hastings 1985} 14. e4 $13) 12. a3 Bf8 13. Bxc6 bxc6 14. O-O Bd6 15. e4
Bf4 16. Rce1 dxe4 (16... Bg4 17. Ne5 Bxe5 18. dxe5 Qg6 19. f3 Bh3 20. Rf2 $14 {
1/2 (43) Shariyazdanov,A (2495)-Ibragimov,I (2590) Moscow 1998}) 17. Rxe4 Rb8
$11) 11... Be6 (11... a6 $5 12. O-O Bf8 13. a3 Ne7 14. b4 Bg4 15. Qd1 Bxf3 $11
16. gxf3 $6 c6 17. Kh1 Nf5 18. f4 a5 $36 {1/2 (28) Mamedyarov,S (2724)-Bartel,
M (2594) Moscow 2009}) 12. O-O Bf8 (12... a6 13. Ne5 $1 (13. Qd1 Bd6 14. Na4
Ne7 15. Nc5 Bc8 16. Rc3 b6 17. Nd3 Ng6 18. Qb3 Bf5 $13 {1-0 (39) Langeweg,
K-Medina Garcia,A Wijk aan Zee 1969}) 13... Bxc3 14. Nxc6 $1 Bd7 15. Rxc3 Bxc6
16. Qc2 $14) 13. a3 Ne7 14. b4 Nf5 15. Nb5 c6 16. Nc7 Rab8 17. Nxe6 Qxe6 18.
Qxa7 Nxe3 $1 19. fxe3 Qxe3+ 20. Kh1 Qxe2 21. Ne5 {1-0 (38) Krasenkow,M (2635)
-Zhao,X (2562) Vlissingen 2013 CBM 155 Extra [CB]} Re8 $13) 10... dxc4 {
A typical motif: Black gains a tempo since White's bishop comes to c4 in two
moves. However, it is not enough for equality. Black can't find a good moment
to free his pieces with ...e6-e5.} (10... e5 11. O-O Bxc3 12. bxc3 dxc4 13.
Bxc4 Bd7 14. Qc2 Bf5 15. Bd3 Bxd3 16. Qxd3 Qe6 17. Qb1 b6 18. Rfd1 $14 {
1/2 (57) Zhu,Y (2340)-Boldoo,E (2200) Ulaanbaatar 2015}) 11. Bxc4 Bd7 (11... e5
12. O-O (12. dxe5 Bxc3+ 13. Rxc3 Nxe5 $11 {1/2 (46) Houska,J (2416)-Dorrington,
C (2315) England 2014}) 12... Bxc3 13. bxc3 {- see above Zhu-Boldoo}) 12. Qc2
Bd6 (12... e5 $6 {now loses a pawn after} 13. dxe5 Nxe5 (13... Bxc3+ 14. Qxc3)
14. Nxe5 Qxe5 15. Bxf7+ $1 Kh8 16. O-O $14 (16. Bg6 $6 {1-0 (50) Cmilyte,V 
(2524)-Hou,Y (2606) Beijing 2012} Bb5 $44)) 13. O-O a6 (13... e5 $2 14. Nd5)
14. Rfd1 Qe7 15. a3 Rac8 $6 {Unable to push ...e6-e5, Black starts an
artificial manoeuvre, which only worsens his position.} (15... b5 $142 16. Ba2
b4 17. Bb1 f5 $14) 16. Ba2 Nb8 {Preparing ...c7-c5 but again, Black will be
unable to carry out that plan without serious concessions.} 17. e4 Bf4 (17...
c5 $2 18. e5 Bc7 19. d5) 18. Ra1 Bc6 {So, Black has failed to push either ...
e6-e5 or ...c7-c5, and he is completely passive now. White launches a kingside
attack.} (18... c5 19. e5 $1 cxd4 20. Rxd4 Bg5 21. h4 Bc6 22. Rxd8+ Rxd8 23.
hxg5 Bxf3 24. gxf3 Qxg5+ 25. Kf1 $16) 19. h4 h5 20. Ne2 Bh6 21. Ng3 g6 22. d5
$1 exd5 $6 (22... Bd7 $5 23. e5 $16) 23. exd5 Be8 24. Re1 Qf8 (24... Qf6 25.
Ne4 Qb6 26. Nfg5 $16) 25. Ng5 $40 Kh8 26. Rad1 Nd7 27. Qb3 Nb6 28. Qf3 Kg8 29.
N3e4 Nd7 30. d6 $1 Bg7 31. Nxf7 $1 Bxf7 32. Qxf7+ Qxf7 33. Bxf7+ Kxf7 34. Ng5+
Kf6 (34... Kg8 35. dxc7 Rxc7 36. Ne6 Rdc8 37. Nxc7 Rxc7 38. Re7 $18) 35. Re7
Ne5 36. Rd5 $1 Kf5 (36... cxd6 37. Rdxe5 $1 dxe5 38. Rf7#) 37. Rxg7 Rxd6 38.
Rf7+ Rf6 39. Re7 1-0

[Event "RUS-CHN Summit 10th"]
[Site "Moscow"]
[Date "2016.06.13"]
[Round "3.3"]
[White "Yu, Yangyi"]
[Black "Jakovenko, Dmitrij"]
[Result "1/2-1/2"]
[WhiteElo "2737"]
[BlackElo "2710"]
[PlyCount "109"]
[EventDate "2016.06.11"]
[EventType "schev"]
[EventRounds "5"]
[EventCountry "RUS"]
[SourceTitle "CBM 173"]
[Source "ChessBase"]
[SourceDate "2016.07.12"]
[SourceVersion "1"]
[SourceVersionDate "2016.07.12"]
[SourceQuality "1"]
[WhiteTeam "China"]
[BlackTeam "Russia"]
[WhiteTeamCountry "CHN"]
[BlackTeamCountry "RUS"]

1. Nf3 Nf6 2. g3 d5 3. Bg2 e6 4. O-O Be7 5. d3 O-O 6. Nbd2 c5 7. e4 Nc6 8. Re1
b5 9. e5 Nd7 10. Nf1 a5 11. h4 b4 12. Bf4 a4 13. a3 bxa3 14. bxa3 Ba6 15. Ne3
Rb8 16. Bh3 Nd4 17. Nxd4 cxd4 18. Nxd5 exd5 19. e6 Nf6 20. exf7+ Rxf7 21. Bxb8
Qxb8 22. Be6 Bc8 23. Qb1 Qc7 24. Bxf7+ Kxf7 25. Qb5 Bd7 26. Rxe7+ Kxe7 27. Qb4+
Kf7 28. Re1 Qxc2 29. Re7+ Kg6 30. Qxd4 Qd1+ 31. Kh2 Qf3 32. Qf4 Qxf4 33. gxf4
Bg4 34. Kg2 Bd1 35. f5+ Kxf5 36. Rxg7 Ke5 37. Rf7 d4 38. Kf1 h5 39. Ke1 Bb3 40.
Rg7 Kf4 41. Rg6 Ng4 42. Rd6 Kf3 43. Rd8 Kg2 44. Rxd4 Nxf2 45. Rd8 Nh3 46. Ke2
Kg3 47. Ke3 Kxh4 48. d4 Kg5 49. d5 Kf6 50. d6 Ke6 51. d7 Bd1 52. Kd2 Bg4 53.
Ra8 Kxd7 54. Rxa4 Ng5 55. Ke3 1/2-1/2

[Event "RUS-ch rapid"]
[Site "Sochi"]
[Date "2016.10.02"]
[Round "5"]
[White "Andreikin, Dmitry"]
[Black "Zablotsky, Sergei"]
[Result "1-0"]
[WhiteElo "2736"]
[BlackElo "2518"]
[PlyCount "95"]
[EventDate "2016.10.02"]
[EventType "swiss (rapid)"]
[EventRounds "10"]
[EventCountry "RUS"]
[SourceTitle "CBM 174 Extra"]
[Source "ChessBase"]
[SourceDate "2016.10.10"]
[SourceVersion "1"]
[SourceVersionDate "2016.10.10"]
[SourceQuality "1"]

1. e4 d6 2. d4 Nf6 3. Nc3 g6 4. f4 Bg7 5. Bd3 O-O 6. Nf3 c5 7. dxc5 dxc5 8. e5
Ng4 9. h3 Nh6 10. Be3 Qa5 11. O-O Rd8 12. Qe2 Nf5 13. Bf2 Nc6 14. Ne4 Ncd4 15.
Nxd4 Nxd4 16. Bxd4 Rxd4 17. c3 Rd8 18. Bc4 Qb6 19. Rad1 Be6 20. Bxe6 c4+ 21.
Rd4 Rxd4 22. Bxf7+ Kxf7 23. cxd4 Qxd4+ 24. Kh1 Rd8 25. Ng5+ Kg8 26. Qg4 Qd5 27.
Ne6 Rd7 28. f5 Qd3 29. Rg1 b5 30. Nc5 Rd4 31. Nxd3 Rxg4 32. hxg4 cxd3 33. Rd1
Bxe5 34. Rxd3 Bxb2 35. Rb3 Bd4 36. Rxb5 Kf7 37. g3 Kf6 38. Kg2 Kg5 39. Kf3 h6
40. a4 Kf6 41. a5 Bg1 42. a6 Bd4 43. Ke4 Bf2 44. Rb7 h5 45. fxg6 hxg4 46. g7
Kxg7 47. Rxe7+ Kf6 48. Rb7 1-0

[Event "Carlsen Inv Prelim"]
[Site "chess24.com INT"]
[Date "2020.04.18"]
[Round "1.4"]
[White "Nakamura, Hi"]
[Black "Carlsen, M."]
[Result "1-0"]
[WhiteElo "2736"]
[BlackElo "2863"]
[PlyCount "61"]
[EventDate "2020.04.18"]
[EventType "tourn (rapid)"]
[EventRounds "7"]
[EventCategory "22"]
[SourceTitle "The Week in Chess 1328"]
[Source "Mark Crowther"]
[SourceDate "2020.04.20"]
[SourceVersion "1"]
[SourceVersionDate "2020.04.20"]
[SourceQuality "2"]

1. e4 c5 2. Nf3 e6 3. d4 cxd4 4. Nxd4 Nf6 5. Nc3 d6 6. Be3 Be7 7. f4 Nc6 8. Qf3
e5 9. Nxc6 bxc6 10. Bc4 Ng4 11. Bd2 exf4 12. Bxf4 O-O 13. O-O Bf6 14. Bb3 Re8
15. Rad1 Ne5 16. Qg3 Ba6 17. Bxe5 Bxe5 18. Bxf7+ Kh8 19. Bxe8 Qb6+ 20. Qf2 Rxe8
21. Qxb6 axb6 22. Rf7 h6 23. Rc7 c5 24. Rc6 Bd4+ 25. Kh1 Bxc3 26. bxc3 Rxe4 27.
Rxb6 Bc4 28. a4 Re2 29. Rbxd6 Rxc2 30. Ra1 Rxc3 31. a5 1-0

[Event "Speed Super Swiss KO 2020"]
[Site "chess.com INT"]
[Date "2020.10.04"]
[Round "4.9"]
[White "Nakamura, Hi"]
[Black "Fedoseev, Vl3"]
[Result "1-0"]
[WhiteElo "2736"]
[BlackElo "2678"]
[PlyCount "55"]
[EventDate "2020.10.04"]
[EventType "k.o. (blitz)"]
[EventRounds "4"]
[SourceTitle "The Week in Chess 1352"]
[Source "Mark Crowther"]
[SourceDate "2020.10.05"]
[SourceVersion "1"]
[SourceVersionDate "2020.10.05"]
[SourceQuality "2"]

1. d4 d5 2. Nf3 c6 3. c4 Nf6 4. e3 g6 5. Bd3 Bg7 6. Nbd2 O-O 7. O-O b6 8. b3
Bb7 9. Bb2 Nbd7 10. Rc1 e6 11. cxd5 exd5 12. Ne5 Nxe5 13. dxe5 Nd7 14. f4 f6
15. e6 Nc5 16. Rxc5 bxc5 17. f5 Qb6 18. Qc2 c4 19. bxc4 Qxe3+ 20. Kh1 g5 21.
Nb3 dxc4 22. Bxc4 c5 23. e7+ Rf7 24. Bxf7+ Kxf7 25. Qc4+ Kxe7 26. Ba3 Qe4 27.
Qxe4+ Bxe4 28. Re1 1-0